000 00526nam a2200169 i 4500
001 128841
003 ES-MaACL
005 20230906193354.0
007 t|
008 070528s1966 sp ||||1| spa d
100 1 _aTéllez González, Guillermo.
_9109641
245 1 3 _aEl analfabetismo y sus causas /
_cGuillermo Téllez González.
260 _aToledo :
_bEscuela Normal San Ildelfonso,
_c[1966]
300 _a36 p. ;
_c24 cm.
710 2 _aEscuela Normal San Ildelfonso.
_93584
852 _aES-MaACL
_j2082-F-11
_bR.80775
999 _c128841
_d128841